Pracovný zošit z deskriptívnej geometrie pre AF - melioračnú špecializáciu

Bibliographic Details
Main Authors: Novotný, Štefan, 1933-2020 (Author), Švec, Ondrej (Author)
Format: Book
Language:Slovak
PhysicalDescription:91 s. sch. 29 cm
Published: Nitra Vysoká škola poľnohospodárska 1977
Edition:2. nepreprac. vyd.
Subjects:

MARC

LEADER 00000cam a2200000 a 4500
001 vtls001111911
003 SK-MaSNL
005 20260301001508.0
008 240314s1977 xo a e n 00000 slo
015 |a SNBA1978 
020 |q (brož.) 
035 |a SNK000054754 
040 |a SNK  |b slo  |c SNK  |e AACR2 
041 0 |a slo 
044 |a xo  |c SK 
080 |a 514.18(075.8)(076.5)  |2 1981 
100 1 |a Novotný, Štefan,  |d 1933-2020  |4 aut  |9 253647 
245 1 0 |a Pracovný zošit z deskriptívnej geometrie  |b pre AF - melioračnú špecializáciu  |c Štefan Novotný, Ondrej Švec 
250 |a 2. nepreprac. vyd. 
260 |a Nitra  |b Vysoká škola poľnohospodárska  |c 1977 
300 |a 91 s.  |b sch.  |c 29 cm 
366 |e 200 výtl. 
650 0 7 |a deskriptívna geometria  |2 SNKPH  |9 831 
655 7 |a učebnice vysokých škôl  |2 SNKPH  |9 70191 
655 7 |a pracovné zošity  |2 SNKPH  |9 70188 
700 1 |a Švec, Ondrej  |4 aut  |9 87143 
852 |a Slovenská národná knižnica 
954 |a odborná, vedecká literatúra pôvodná (slovenská)  |2 lita 
958 |a OND 
999 |c 535021  |d 536951 
952 |a SNK  |b SNK  |y PREZ  |7 0  |p 17A0967552  |o snkSB 26477  |i snkKSP 2587/78  |0 0  |1 0  |4 0  |d 2014-07-02  |f 1  |l 0  |r 2026-02-23 12:22:26  |w 2026-02-23 
952 |a SNK  |b SNK  |y VYP  |7 0  |o snkSB 26477 D1  |i snkKSP 2588/78  |0 0  |1 0  |4 0  |d 2014-07-02  |l 0  |r 2026-02-23 12:22:26  |w 2026-02-23